Kibérelték a dobogót a hazaiak

Bibliographic Details
Main Author: Ágh, István, 1949- (Author)
Format: Article
Language:Hungarian
PhysicalDescription:Fotogr.
ISSN:1335-7050
Subjects:

MARC

LEADER 00000nab a2200000 a 4500
001 vtls010583474
003 SK-MaSNL
005 20260318132847.0
008 140317c20140220xo d| | 000 0|2hun
015 |a SNBRB2014/03 
038 |a DSZK 
040 |a DSZK  |b slo  |c DSZK  |e AACR2 
041 0 |a hun 
044 |a xo  |c SK 
080 |a 796.81/.82.093  |x (437.6)  |2 2001 
100 1 |a Ágh, István,  |d 1949-  |4 aut  |9 867680 
245 1 0 |a Kibérelték a dobogót a hazaiak  |c Ágh István 
300 |b Fotogr. 
610 2 7 |a Zápasnícky klub Gladiátor (Šamorín, Slovensko)  |2 dszk  |9 1194105 
611 2 7 |a Majstrovstvá Slovenska v zápasení juniorov  |d (2014 :  |c Šamorín, Slovensko)  |2 dszk  |9 1195135 
648 7 |a 2014  |2 dszk  |9 334827 
650 0 7 |a zápasenie  |2 SNKPH  |9 13273 
650 0 7 |a juniori  |2 dszk  |9 838750 
651 7 |a Šamorín (Slovensko)  |2 SNKPH  |9 28925 
773 0 |t Új szó  |g Évf. 67, sz. 42 (2014.2.20), o. 18  |x 1335-7050 
852 |a DSZK  |b KIS3GCP 
958 |a HU 
958 |a SK 
999 |c 2079813  |d 2081743